|
|
|
|
| LEADER |
00000nam a22000004a 4500 |
| 001 |
AR-BbUGT1018 |
| 003 |
AR-BbUGT |
| 005 |
20241213120459.0 |
| 007 |
ta |
| 008 |
061101t1988 ag ab |1|||0|spa d |
| 999 |
|
|
|c 8869
|d 8869
|
| 020 |
|
|
|a 950-43-0622-5
|
| 040 |
|
|
|a AR-BbUGT
|b spa
|c AR-BbUGT
|
| 082 |
0 |
4 |
|a 910
|
| 111 |
2 |
|
|a Semana de Geografía
|9 249
|
| 245 |
1 |
0 |
|a Contribuciones científicas:
|b congreso Nacional de Geografía, 50 Semana de Geografía /
|c Sociedad Argentina de Estudios Geográficos.
|
| 260 |
|
|
|a Argentina :
|b GAEA,
|c 1988.
|
| 300 |
|
|
|a 293 p. :
|b il., cuadros, mapas ;
|c 21 cm.
|
| 653 |
|
|
|a Energía Electrica
|
| 653 |
|
|
|a Área Metropolitana
|
| 653 |
|
|
|a Caleta Valdés
|
| 653 |
|
|
|a Delincuencia
|
| 653 |
|
|
|a San Telmo
|
| 710 |
|
|
|a Sociedad Argentina de Estudios Geográficos GAEA.
|
| 942 |
|
|
|c BK
|h 910
|i SE471 50
|2 ddc
|6 910_000000000000000_SE471_50
|
| 942 |
|
|
|c BK
|h 910
|i SE471 50
|2 ddc
|